Home Print Resources E-Books E-Journals IIMT Lecture Series Library Membership Form Book Recommendation Form Campus Tour Take AdmissionAbout Us Contact Us

GENERAL AND PHYSICAL CHEMISTRY (Record no. 57252)

000 -LEADER
fixed length control field 00377nam a22001577a 4500
003 - CONTROL NUMBER IDENTIFIER
control field OSt
005 - DATE AND TIME OF LATEST TRANSACTION
control field 20231206113352.0
008 - FIXED-LENGTH DATA ELEMENTS--GENERAL INFORMATION
fixed length control field 231004b |||||||| |||| 00| 0 eng d
020 ## - INTERNATIONAL STANDARD BOOK NUMBER
International Standard Book Number 8187134674
040 ## - CATALOGING SOURCE
Transcribing agency IIMT UNIVERSITY
100 ## - MAIN ENTRY--PERSONAL NAME
Personal name A. GHOSAL
245 ## - TITLE STATEMENT
Title GENERAL AND PHYSICAL CHEMISTRY
260 ## - PUBLICATION, DISTRIBUTION, ETC.
Place of publication, distribution, etc. KOLKATA
Name of publisher, distributor, etc. BOOKS AND ALLIED
Date of publication, distribution, etc. 2019
300 ## - PHYSICAL DESCRIPTION
Extent 319
942 ## - ADDED ENTRY ELEMENTS (KOHA)
Source of classification or shelving scheme
Koha item type Book Bank
Holdings
Withdrawn status Lost status Source of classification or shelving scheme Damaged status Not for loan Home library Current library Date acquired Inventory number Barcode Date last seen Price effective from Koha item type
          IIMT University Central Library Meerut IIMT University Central Library Meerut 10/04/2023 HO/IN/67 01-B-140485 10/04/2023 10/04/2023 Reference Book
IIMT, Central Library. All Rights Reserved IIMT,UNIVERSITY © 2023
Implemented and Customised by I CLOUDE EMS
You Are OPAC Visitor No
free web counter

Powered by Koha